000 003480000a22001570004500
020 _a84-414-0135-7
082 0 4 _aB C64c
110 1 _aCoccinella
245 1 0 _aLa casita arabe / Coccinella
260 _aMadrid : Edaf
300 _a[ 10 P. ]
440 0 _aCol. \ El libro casita
650 1 4 _aLiteratura Infantil
001 1099
942 _cLGB
999 _c48275
_d48275